| 000 | 01433nam a2200217 a 4500 | ||
|---|---|---|---|
| 001 | 000238995 | ||
| 003 | AM-YeHGA | ||
| 005 | 20250618080211.0 | ||
| 008 | 030624s1920 ai |||||||||||||||1|arm|d | ||
| 040 | _aAM-YeHGA | ||
| 041 | _aarm | ||
| 100 | 1 | _aՄիրբօ, Տ. | |
| 245 | 1 | 0 |
_aԳողը : _bԿոմեդիա մէկ արար / _cՏ. Միրբօ; Թարգմ.՝ Պ.Ա. |
| 260 |
_aԶմիւռնիա : _bտպ. Մամուրեան, _c1920. |
||
| 300 |
_a18 էջ ; _c20 սմ. |
||
| 501 | _aԱլիգ. 5.(679-2003) Կազմված են՝ Ալեքսանդր Դյումա՝ Տիկին Մոնսորօ.- Զմիւռնիա, 1879 ; Զաւակները.- Ա. տ. և Ա. թ. ; Գաբրիել Պատկանյան՝ Սանդուխտ դշխոյի եւ կուսի հօր Սանատրուկ Հայոց թագաւորի Արշակունւոյ վախճանն կամ զկնի քսան ամաց.- ԿոստանդնուՊօլիս, 1876 ; Մոլիեր՝ Թարթիւֆ.- Զմիւռնիա, 1882 ; Հանրի Պորտո՝ Ամուսնութեան խնդրանք.- Իզմիր, 1921 ; Զաւակները.- Ա.տ. և Ա. թ. ; Կատակերգութիւն գոմի բակում.- Թիֆլիս, 1908 ; Բագրատ Այվազյանց՝ Սասունը այրւում է.- Թիֆլիս, 1913 | ||
| 650 | 1 | 4 |
_aՖրանսիական գրականություն _xԹատերգություն |
| 700 | 0 |
_aՊ.Ա. _eթարգմ. _4trl _95659 |
|
| 942 |
_2udc _cBK |
||
| 090 | _c573432 | ||
| 999 |
_c533960 _d533960 |
||